Antología poética / Dora Isella Russell, recopilación selectiva
Uloženo v:
| Hlavní autor: | |
|---|---|
| Médium: | Kniha |
| Jazyk: | Undetermined |
| Vydáno: |
Madrid, España
Ediciones Cultura Hispánica
1970
|
| Témata: | |
| Tagy: |
Přidat tag
Žádné tagy, Buďte první, kdo vytvoří štítek k tomuto záznamu!
|
MARC
| LEADER | 00000nam a2200000Ia 4500 | ||
|---|---|---|---|
| 008 | 170316s9999 xx 000 0 und d | ||
| 040 | |a cru BVZT | ||
| 090 | |a 860 I-1a | ||
| 100 | |a Ibarbourou, Juana de | ||
| 245 | |a Antología poética / Dora Isella Russell, recopilación selectiva | ||
| 260 | |a Madrid, España | ||
| 260 | |b Ediciones Cultura Hispánica | ||
| 260 | |c 1970 | ||
| 300 | |a 347 páginas | ||
| 650 | |a LITERATURA LATINOAMERICANA | ||
| 650 | |a POESÍAS | ||
| 650 | |a DEL AMOR | ||
| 650 | |a DE LA NATURALEZA | ||
| 650 | |a DE LA POESÍA | ||
| 650 | |a DE LA SOLEDAD Y DE LA NOCHE | ||
| 650 | |a DEL TIEMPO Y DE LA MELANCOLÍA | ||
| 650 | |a DE LA MUERTE | ||
| 650 | |a DE LA MATERNIDAD | ||
| 650 | |a DE LA PAZ Y LA GUERRA | ||
| 999 | |c 8830 |d 8830 | ||
| 942 | |c 15 D |h 860 I-1a |2 z | ||
